| 000 | 00674nam a2200217Ia 4500 | ||
|---|---|---|---|
| 003 | GCL | ||
| 005 | 20240530105154.0 | ||
| 008 | 140319s9999 xx 000 0 ara d | ||
| 020 | _a3010403977 | ||
| 040 |
_aGCL / _cGCL |
||
| 082 | 0 | 4 |
_a245 _bع د |
| 100 | 1 | _aعصام الدين محمد على | |
| 245 | 1 | 0 |
_aديانات ومذاهب اهل العالم / _cعصام الدين محمد على |
| 260 |
_aالقاهرة : _bمنشاة المعارف ، _c1992 |
||
| 300 |
_a428 ص ؛ _c24 سم |
||
| 650 | 0 | 4 | _aالفرق الاسلامية |
| 650 | 0 | 4 | _aالديانات |
| 650 | 0 | 4 | _aالمذاهب |
| 650 | 0 | 4 | _aالديانات - بحوث |
| 942 |
_2ddc _cBK |
||
| 999 |
_c53699 _d53699 |
||